People Born Each Year 1851-1875 - Statistics

General Stats
  • This quiz has been taken 51 times
  • The average score is 11 of 25
Answer Stats
Picture Hint Answer % Correct
1869 Mahatma Gandhi
100%
1874 Winston Churchill
100%
1853 Vincent van Gogh
98%
1870 Vladimir Lenin
93%
1856 Nikola Tesla
81%
1858 Theodore Roosevelt
81%
1854 Oscar Wilde
76%
1867 Marie Curie
74%
1857 William H. Taft
62%
1868 Nicholas II
57%
1865 Warren G. Harding
50%
1859 Wilhelm II
50%
1872 Calvin Coolidge
48%
1863 Henry Ford
45%
1860 Annie Oakley
29%
1871 Rosa Luxemburg
24%
1862 Claude Debussy
21%
1852 Emperor Meiji
17%
1864 George Washington Carver
12%
1851 Doc Holliday
7%
1875 Ferdinand Porsche
7%
1861 José Rizal
7%
1866 H.G. Wells
5%
1873 Thomas Andrews
2%
1855 Edwin Hall
0%
No matching quizzes found
Score Distribution
Percent of People with Each Score
Percentile by Number Answered
Your Score History
You have not taken this quiz